Pacho sa vracia Rozhovor pri frndžalici s režisérom Martinom Ťapákom

Bibliographic Details
Main Authors: Ťapák, Martin, 1926-2015 (Author), Moravčík, Štefan, 1943- (Author)
Format: Article
Language:Slovak
Subjects:

MARC

LEADER 00000nab a2200000 a 4500
001 vtls000534827
003 SK-MaSNL
005 20260304091747.0
008 250425c1994 xo 0 slo
015 |a SNBRB19rr/mm-uuuuu 
035 |a CL0534965 
035 |a urn:nbn:sk:snk-abep52 
035 |a (urnnbn)urn:nbn:sk:snk:ar-000cyi 
035 |a (uuid)f4971a22-5b8a-4307-9c8c-d1fffa264bfb 
040 |a SNKBUCL  |b slo  |c SNKBUCL  |e AACR2 
041 0 |a slo 
044 |a xo  |c SK 
080 |a 792.075  |2 1981 
080 |a 792.5  |2 1981 
080 |a 791.44.071.1/.2  |2 1981 
100 1 |a Ťapák, Martin,  |d 1926-2015  |4 aut  |9 101886 
245 1 0 |a Pacho sa vracia  |b Rozhovor pri frndžalici s režisérom Martinom Ťapákom  |c Martin Ťapák, Štefan Moravčík 
600 1 7 |a Ťapák, Martin,  |d 1926-2015  |2 snkbucl  |9 101886 
630 0 7 |a Pacho sa vracia (muzikál)  |2 snkbucl  |9 1382417 
655 7 |a články z novín a časopisov  |2 snkbucl  |9 267496 
700 1 |a Moravčík, Štefan,  |d 1943-  |4 aut  |9 98697 
773 0 |t Slovenské pohľady  |g Roč. 4+110, č. 12 (1994), s. 34-35 
850 |a Slovenská národná knižnica 
852 |a Slovenská národná knižnica 
958 |a article27 
958 |a OND 
958 |a EUIPO 
992 |a RBX 
999 |c 2816780  |d 2818710